International newspaper librarainship for the 21st Century/ (Record no. 194233)

MARC details
000 -LEADER
fixed length control field 00631nam a22002057a 4500
005 - DATE AND TIME OF LATEST TRANSACTION
control field 20240809131230.0
010 ## - LCCN (DPL NO)
LC control number ENG-135827
020 ## - INTERNATIONAL STANDARD BOOK NUMBER
International Standard Book Number 9783598218460
Terms of availability 11210.00
035 ## - SYSTEM CONTROL NUMBER
System control number EN-119359
037 ## - SOURCE OF ACQUISITION
Source of stock number/acquisition DBAD
082 ## - DEWEY DECIMAL CLASSIFICATION NUMBER
Classification number 025.4
100 ## - MAIN ENTRY--PERSONAL NAME
Personal name Saur, K.G
245 ## - TITLE STATEMENT
Title International newspaper librarainship for the 21st Century/
Statement of responsibility, etc By K.G. Saur and edited by Walravens Hartmut
260 ## - PUBLICATION, DISTRIBUTION, ETC. (IMPRINT)
Name of publisher, distributor, etc IFLA
Date of publication, distribution, etc 2006
Place of publication, distribution, etc Netherlands
270 ## - ADDRESS
Address Hague
City Netherlands
300 v# - PHYSICAL DESCRIPTION
Extent 298p.
Other physical details Bibliographic
Dimensions 22cm(Hb)
500 ## - GENERAL NOTE
General note Includes index
700 ## - ADDED ENTRY--PERSONAL NAME
Personal name Hartmut, Walravens
9 (RLIN) 69837
942 ## - ADDED ENTRY ELEMENTS (KOHA)
Source of classification or shelving scheme Dewey Decimal Classification
Item type English Books
Call number suffix SAU
Classification part 025.4
Holdings
Withdrawn status Lost status Not for loan Collection code Home library Current library Date acquired Source of acquisition Cost, normal purchase price Full call number Barcode Copy number Cost, replacement price Koha item type
      Non-fiction Patel Nagar Patel Nagar 12/12/2022 DBAD 11210.00 025.4 SAU EN-119359 1 11210.00 English Books

© Delhi Public Library
Hit Counter
free hit counter